Municipios españoles más poblados que comienzan con E - Estadísticas

Estadísticas generales
  • Esta prueba ha sido intentada 572 veces
    552 desde el último reinicio
  • La puntuación promedio es 6 de 20
Estadísticas de respuestas
Población Municipio Comunidad % Correcto
238.285 Elche / Elx Com. Valenciana
89%
89.391 El {Ejido} Andalucía
78%
90.197 El {Puerto de Santa María} Andalucía
50%
77.068 Estepona Andalucía
48%
27.179 Eibar País Vasco
45%
39.636 Écija Andalucía
38%
53.038 Elda Com. Valenciana
35%
51.872 Eivissa Baleares
34%
65.409 El {Prat de Llobregat} Cataluña
31%
17.149 Ejea de los Caballeros Aragón
28%
39.685 El {Vendrell} Cataluña
25%
39.134 Errenteria País Vasco
21%
24.426 Erandio País Vasco
19%
22.152 Eguesibar / Valle de Egüés Navarra
14%
18.214 El {Astillero} Cantabria
14%
46.968 Esplugues de Llobregat Cataluña
14%
24.176 El {Masnou} Cataluña
13%
30.158 El {Campello} Com. Valenciana
8%
22.392 Esparreguera Cataluña
7%
17.905 El {Rosario} Canarias
5%
No se encontraron pruebas coincidentes
Distribución de puntuación
Porcentaje de gente con cada puntuación
Porcentaje por número respondido
Historial de tus puntuaciones
No has intentado esta prueba desde el último reinicio